| 000 | 00540nam a22001937a 4500 | ||
|---|---|---|---|
| 003 | OSt | ||
| 005 | 20140310183002.0 | ||
| 008 | 130209t xxu||||| |||| 00| 0 eng d | ||
| 020 | _a9711500736 | ||
| 050 |
_aLB 1025 _b.N322 1988 |
||
| 100 | _aNavarro, Rosita L. | ||
| 245 |
_aPrinciples of teaching and instructional technology / _cRosita L. Navarro ... [et al.]. |
||
| 260 |
_aQuezon City : _b Katha Pub., _c1988. |
||
| 300 |
_a133 p. : _b ill. ; _c25 cm. |
||
| 521 | _aEDU | ||
| 562 | _e1 | ||
| 942 |
_2lcc _cBK _kLOC |
||
| 999 |
_c18133 _d18133 |
||